| 000 | 00963cam a2200325 a 4500 | ||
|---|---|---|---|
| 001 | 1387402 | ||
| 003 | OSt | ||
| 005 | 20210416053851.0 | ||
| 008 | 820121s1982 nyu b 000 0 eng | ||
| 010 | _a 82002124 | ||
| 020 | _a0452253411 | ||
| 040 |
_aeng _cDLC _deng |
||
| 041 | _aeng | ||
| 050 | 0 | 0 |
_aRC555 _b.C5 1982 |
| 080 |
_a616.89 _bC-60 |
||
| 082 | 0 | 0 |
_a616.85/82 _219 |
| 100 | 1 |
_aCleckley, Hervey M. _q(Hervey Milton), _d1903-1984. |
|
| 245 | 1 | 4 |
_aThe mask of sanity / _cHervey Cleckley. |
| 250 | _aRev. ed. | ||
| 260 |
_aNew York : _bNew American Library ; _aSt. Louis : _bMosby, _c1982. |
||
| 300 |
_axiii, 285 p. ; _c23 cm. |
||
| 440 | 0 | _aMosby medical library | |
| 500 | _a"A Plume book." | ||
| 504 | _aIncludes bibliographical references. | ||
| 650 | 0 | _aAntisocial personality disorders. | |
| 650 | 0 |
_aPsychiatry _9131 |
|
| 653 | _aფსიქიატრია | ||
| 906 |
_a7 _bcbc _corignew _d1 _eocip _f19 _gy-gencatlg |
||
| 942 |
_2udc _cBK |
||
| 999 |
_c122 _d122 |
||